[Event "XLIV Memoriał Szachowy Ludwika Zamenhofa 2025, Grupa A"]
[Site "Białystok, Poland"]
[Date "2025.12.28"]
[Round "3.13"]
[White "Podgorski, Maciej"]
[Black "Cukrowski, Filip"]
[Result "1/2-1/2"]
[TimeControl "90'+30\""]
[WhiteElo "2030"]
[BlackElo "2417"]

1. e4 {[%clk 01:30:56]} {[%emt 00:00:03]} c5 {[%clk 01:10:06]} {[%emt
00:20:56]} 2. Nf3 {[%clk 01:31:18]} {[%emt 00:00:06]} Nc6 {[%clk 01:06:09]}
{[%emt 00:04:28]} 3. d4 {[%clk 01:29:22]} {[%emt 00:02:25]} cxd4 {[%clk
01:06:31]} {[%emt 00:00:08]} 4. Nxd4 {[%clk 01:29:45]} {[%emt 00:00:07]} Nf6
{[%clk 01:06:55]} {[%emt 00:00:06]} 5. Nc3 {[%clk 01:30:01]} {[%emt 00:00:14]}
e5 {[%clk 01:04:29]} {[%emt 00:02:56]} 6. Ndb5 {[%clk 01:28:55]} {[%emt
00:01:36]} d6 {[%clk 01:04:49]} {[%emt 00:00:10]} 7. Nd5 {[%clk 01:25:13]}
{[%emt 00:04:11]} Nxd5 {[%clk 01:01:26]} {[%emt 00:03:54]} 8. exd5 {[%clk
01:25:35]} {[%emt 00:00:08]} Nb8 {[%clk 00:54:53]} {[%emt 00:07:03]} 9. c4
{[%clk 01:23:29]} {[%emt 00:02:35]} a6 {[%clk 00:47:20]} {[%emt 00:08:04]} 10.
Qa4 {[%clk 01:19:09]} {[%emt 00:04:49]} Bd7 {[%clk 00:45:23]} {[%emt 00:02:28]}
11. Qa3 {[%clk 01:13:26]} {[%emt 00:06:12]} Bxb5 {[%clk 00:25:29]} {[%emt
00:20:25]} 12. cxb5 {[%clk 01:13:27]} {[%emt 00:00:29]} Be7 {[%clk 00:25:52]}
{[%emt 00:00:07]} 13. Be2 {[%clk 00:59:10]} {[%emt 00:14:46]} O-O {[%clk
00:25:46]} {[%emt 00:00:37]} 14. O-O {[%clk 00:58:32]} {[%emt 00:01:07]} a5
{[%clk 00:22:51]} {[%emt 00:03:26]} 15. Be3 {[%clk 00:52:39]} {[%emt 00:06:22]}
Nd7 {[%clk 00:22:47]} {[%emt 00:00:35]} 16. b4 {[%clk 00:47:55]} {[%emt
00:05:13]} b6 {[%clk 00:10:29]} {[%emt 00:12:50]} 17. Rfc1 {[%clk 00:27:07]}
{[%emt 00:21:18]} axb4 {[%clk 00:09:52]} {[%emt 00:01:07]} 18. Qxb4 {[%clk
00:27:29]} {[%emt 00:00:08]} Nc5 {[%clk 00:10:11]} {[%emt 00:00:11]} 19. Bxc5
{[%clk 00:23:34]} {[%emt 00:04:25]} dxc5 {[%clk 00:10:40]} {[%emt 00:00:01]} 20.
Qb3 {[%clk 00:23:31]} {[%emt 00:00:33]} Qd6 {[%clk 00:10:48]} {[%emt 00:00:23]}
21. a4 {[%clk 00:23:26]} {[%emt 00:00:33]} f5 {[%clk 00:10:24]} {[%emt
00:00:55]} 22. a5 {[%clk 00:20:12]} {[%emt 00:03:44]} bxa5 {[%clk 00:10:19]}
{[%emt 00:00:35]} 23. b6 {[%clk 00:19:28]} {[%emt 00:01:14]} Rfb8 {[%clk
00:10:06]} {[%emt 00:00:42]} 24. Rcb1 {[%clk 00:18:57]} {[%emt 00:01:01]} Rb7
{[%clk 00:06:57]} {[%emt 00:03:39]} 25. Ra2 {[%clk 00:11:57]} {[%emt 00:07:30]}
Rab8 {[%clk 00:07:14]} {[%emt 00:00:12]} 26. Rab2 {[%clk 00:11:53]} {[%emt
00:00:35]} Bd8 {[%clk 00:04:17]} {[%emt 00:03:27]} 27. Qa4 {[%clk 00:11:07]}
{[%emt 00:01:15]} Kf8 {[%clk 00:03:18]} {[%emt 00:01:30]} 28. Qxa5 {[%clk
00:07:12]} {[%emt 00:04:24]} Rxb6 {[%clk 00:03:37]} {[%emt 00:00:10]} 29. Rxb6
{[%clk 00:07:22]} {[%emt 00:00:21]} Rxb6 {[%clk 00:03:46]} {[%emt 00:00:21]} 30.
Rxb6 {[%clk 00:07:32]} {[%emt 00:00:20]} Qxb6 {[%clk 00:04:00]} {[%emt
00:00:16]} 31. Qa8 {[%clk 00:07:34]} {[%emt 00:00:27]} g6 {[%clk 00:02:35]}
{[%emt 00:01:56]} 32. Qc8 {[%clk 00:07:20]} {[%emt 00:00:43]} Qd6 {[%clk
00:02:39]} {[%emt 00:00:26]} 33. Qb7 {[%clk 00:06:07]} {[%emt 00:01:43]} Qc7
{[%clk 00:02:16]} {[%emt 00:00:54]} 34. Qb3 {[%clk 00:04:58]} {[%emt 00:01:39]}
Be7 {[%clk 00:01:43]} {[%emt 00:01:03]} 35. g3 {[%clk 00:05:10]} {[%emt
00:00:17]} Bd6 {[%clk 00:01:48]} {[%emt 00:00:26]} 36. Kg2 {[%clk 00:03:32]}
{[%emt 00:02:07]} Kg7 {[%clk 00:02:12]} {[%emt 00:00:06]} 37. Qb5 {[%clk
00:03:45]} {[%emt 00:00:18]} h5 {[%clk 00:02:08]} {[%emt 00:00:34]} 38. Qe8
{[%clk 00:03:33]} {[%emt 00:00:41]} Qe7 {[%clk 00:02:24]} {[%emt 00:00:15]} 39.
Qc8 {[%clk 00:02:06]} {[%emt 00:01:57]} e4 {[%clk 00:02:47]} {[%emt 00:00:07]}
40. Qa6 {[%clk 00:01:37]} {[%emt 00:00:59]} h4 {[%clk 00:02:36]} {[%emt
00:00:41]} 41. Qa1+ {[%clk 00:01:21]} {[%emt 00:00:45]} Be5 {[%clk 00:02:26]}
{[%emt 00:00:40]} 42. Qc1 {[%clk 00:01:37]} {[%emt 00:00:14]} hxg3 {[%clk
00:02:03]} {[%emt 00:00:54]} 43. hxg3 {[%clk 00:02:01]} {[%emt 00:00:05]} Bd6
{[%clk 00:02:06]} {[%emt 00:00:28]} 44. Qc3+ {[%clk 00:02:15]} {[%emt
00:00:15]} Qe5 {[%clk 00:02:22]} {[%emt 00:00:15]} 45. Qxe5+ {[%clk 00:01:46]}
{[%emt 00:00:59]} Bxe5 {[%clk 00:02:50]} {[%emt 00:00:01]} 46. f3 {[%clk
00:01:23]} {[%emt 00:00:54]} exf3+ {[%clk 00:01:29]} {[%emt 00:01:51]} 47. Kxf3
{[%clk 00:01:39]} {[%emt 00:00:14]} Kf6 {[%clk 00:01:54]} {[%emt 00:00:05]} 48.
g4 {[%clk 00:01:42]} {[%emt 00:00:26]} Bd6 {[%clk 00:01:31]} {[%emt 00:00:54]}
49. gxf5 {[%clk 00:01:25]} {[%emt 00:00:47]} gxf5 {[%clk 00:00:46]} {[%emt
00:01:15]} 50. Ke3 {[%clk 00:01:04]} {[%emt 00:00:51]} Ke5 {[%clk 00:01:02]}
{[%emt 00:00:14]} 51. Bc4 {[%clk 00:01:06]} {[%emt 00:00:28]} Bc7 {[%clk
00:01:20]} {[%emt 00:00:13]} 52. Ba2 {[%clk 00:01:06]} {[%emt 00:00:28]} Bd8
{[%clk 00:01:34]} {[%emt 00:00:17]} 53. Bb3 {[%clk 00:00:53]} {[%emt 00:00:43]}
Bb6 {[%clk 00:01:29]} {[%emt 00:00:36]} 54. Bc4 {[%clk 00:00:57]} {[%emt
00:00:25]} Ba5 {[%clk 00:01:07]} {[%emt 00:00:52]} 55. d6 {[%clk 00:00:59]}
{[%emt 00:00:29]} Bd8 {[%clk 00:00:43]} {[%emt 00:00:53]} 56. d7 {[%clk
00:01:19]} {[%emt 00:00:09]} Bg5+ {[%clk 00:01:08]} {[%emt 00:00:06]} 57. Kf3
{[%clk 00:01:29]} {[%emt 00:00:18]} Kd4 {[%clk 00:01:08]} {[%emt 00:00:31]} 58.
Be6 {[%clk 00:01:47]} {[%emt 00:00:12]} Ke5 {[%clk 00:01:27]} {[%emt 00:00:11]}
59. Bc4 {[%clk 00:01:57]} {[%emt 00:00:20]} Be7 {[%clk 00:01:42]} {[%emt
00:00:15]} 60. Bb3 {[%clk 00:01:48]} {[%emt 00:00:37]} Bd8 {[%clk 00:01:57]}
{[%emt 00:00:17]} 61. Bc4 {[%clk 00:01:39]} {[%emt 00:00:39]} Kf6 {[%clk
00:02:20]} {[%emt 00:00:08]} 62. Bb3 {[%clk 00:01:51]} {[%emt 00:00:17]} Bc7
{[%clk 00:02:44]} {[%emt 00:00:07]} 63. Bc2 {[%clk 00:01:29]} {[%emt 00:00:52]}
Ke6 {[%clk 00:02:37]} {[%emt 00:00:36]} 64. Ba4 {[%clk 00:01:29]} {[%emt
00:00:31]} c4 {[%clk 00:02:39]} {[%emt 00:00:28]} 65. Ke3 {[%clk 00:01:03]}
{[%emt 00:00:55]} Ke5 {[%clk 00:03:00]} {[%emt 00:00:10]} 66. Bd1 {[%clk
00:01:03]} {[%emt 00:00:30]} Bb6+ {[%clk 00:03:08]} {[%emt 00:00:22]} 67. Kd2
{[%clk 00:01:15]} {[%emt 00:00:17]} Kd4 {[%clk 00:03:16]} {[%emt 00:00:23]} 68.
Kc2 {[%clk 00:01:26]} {[%emt 00:00:17]} Bd8 {[%clk 00:03:19]} {[%emt 00:00:28]}
69. Bh5 {[%clk 00:01:34]} {[%emt 00:00:23]} Bf6 {[%clk 00:03:40]} {[%emt
00:00:09]} 70. Bd1 {[%clk 00:01:35]} {[%emt 00:00:29]} Ke5 {[%clk 00:03:27]}
{[%emt 00:00:43]} 71. Be2 {[%clk 00:01:33]} {[%emt 00:00:31]} Kd5 {[%clk
00:03:48]} {[%emt 00:00:08]} 72. Bf3+ {[%clk 00:01:21]} {[%emt 00:00:43]} Kd6
{[%clk 00:04:09]} {[%emt 00:00:10]} 73. Be2 {[%clk 00:01:41]} {[%emt 00:00:10]}
Kc5 {[%clk 00:03:52]} {[%emt 00:00:47]} 74. Bf3 {[%clk 00:01:51]} {[%emt
00:00:20]} Kd4 {[%clk 00:04:05]} {[%emt 00:00:18]} 75. Bd1 {[%clk 00:01:44]}
{[%emt 00:00:36]} Ke4 {[%clk 00:04:09]} {[%emt 00:00:26]} 76. Be2 {[%clk
00:01:46]} {[%emt 00:00:28]} c3 {[%clk 00:04:17]} {[%emt 00:00:23]} 77. d8=Q
{[%clk 00:01:54]} {[%emt 00:00:22]} Bxd8 {[%clk 00:04:41]} {[%emt 00:00:06]}
1/2-1/2

[Event "XLIV Memoriał Szachowy Ludwika Zamenhofa 2025, Grupa A"]
[Site "Białystok, Poland"]
[Date "2025.12.28"]
[Round "3.14"]
[White "Ejsymont, Eryk"]
[Black "Salna, Aleksandras"]
[Result "0-1"]
[TimeControl "90'+30\""]
[WhiteElo "2022"]
[BlackElo "2290"]

1. e4 {[%clk 01:30:56]} {[%emt 00:00:04]} c5 {[%clk 01:30:42]} {[%emt
00:00:19]} 2. Nf3 {[%clk 01:31:20]} {[%emt 00:00:06]} Nc6 {[%clk 01:31:05]}
{[%emt 00:00:07]} 3. Bb5 {[%clk 01:31:45]} {[%emt 00:00:05]} g6 {[%clk
01:31:16]} {[%emt 00:00:18]} 4. Bxc6 {[%clk 01:32:08]} {[%emt 00:00:07]} dxc6
{[%clk 01:31:39]} {[%emt 00:00:08]} 5. d3 {[%clk 01:32:26]} {[%emt 00:00:11]}
Bg7 {[%clk 01:32:02]} {[%emt 00:00:07]} 6. h3 {[%clk 01:32:47]} {[%emt
00:00:10]} b6 {[%clk 01:31:46]} {[%emt 00:00:46]} 7. O-O {[%clk 01:28:39]}
{[%emt 00:04:38]} Nf6 {[%clk 01:31:14]} {[%emt 00:01:01]} 8. Nc3 {[%clk
01:28:57]} {[%emt 00:00:13]} Nd7 {[%clk 01:31:24]} {[%emt 00:00:20]} 9. Be3
{[%clk 01:28:57]} {[%emt 00:00:30]} e5 {[%clk 01:31:26]} {[%emt 00:00:28]} 10.
Qd2 {[%clk 01:28:13]} {[%emt 00:01:13]} h6 {[%clk 01:27:54]} {[%emt 00:04:02]}
11. Nh2 {[%clk 01:25:32]} {[%emt 00:03:12]} Nf8 {[%clk 01:25:44]} {[%emt
00:02:40]} 12. f4 {[%clk 01:25:10]} {[%emt 00:00:51]} exf4 {[%clk 01:26:09]}
{[%emt 00:00:05]} 13. Bxf4 {[%clk 01:25:25]} {[%emt 00:00:16]} g5 {[%clk
01:26:07]} {[%emt 00:00:32]} 14. Be3 {[%clk 01:24:36]} {[%emt 00:01:19]} Be6
{[%clk 01:24:27]} {[%emt 00:02:10]} 15. a4 {[%clk 01:22:23]} {[%emt 00:02:44]}
a5 {[%clk 01:23:39]} {[%emt 00:01:18]} 16. Ne2 {[%clk 01:17:04]} {[%emt
00:05:47]} Ng6 {[%clk 01:13:29]} {[%emt 00:10:41]} 17. c3 {[%clk 01:15:57]}
{[%emt 00:01:37]} O-O {[%clk 01:06:07]} {[%emt 00:07:51]} 18. Ng3 {[%clk
01:11:46]} {[%emt 00:04:40]} Ne5 {[%clk 01:02:51]} {[%emt 00:03:47]} 19. Rad1
{[%clk 00:55:24]} {[%emt 00:16:52]} Bb3 {[%clk 01:01:13]} {[%emt 00:02:09]} 20.
Nf5 {[%clk 00:55:08]} {[%emt 00:00:46]} Bxd1 {[%clk 01:00:46]} {[%emt
00:00:56]} 21. Rxd1 {[%clk 00:55:31]} {[%emt 00:00:08]} Ra7 {[%clk 00:57:29]}
{[%emt 00:03:47]} 22. Qe2 {[%clk 00:52:40]} {[%emt 00:03:20]} Re8 {[%clk
00:48:25]} {[%emt 00:09:35]} 23. Nf1 {[%clk 00:41:19]} {[%emt 00:11:49]} Rd7
{[%clk 00:44:05]} {[%emt 00:04:51]} 24. d4 {[%clk 00:40:16]} {[%emt 00:01:34]}
Ng6 {[%clk 00:41:27]} {[%emt 00:03:08]} 25. Nxg7 {[%clk 00:37:38]} {[%emt
00:03:07]} Kxg7 {[%clk 00:41:47]} {[%emt 00:00:10]} 26. Ng3 {[%clk 00:37:59]}
{[%emt 00:00:09]} Re6 {[%clk 00:38:17]} {[%emt 00:03:59]} 27. Nf5+ {[%clk
00:35:04]} {[%emt 00:03:26]} Kh7 {[%clk 00:36:41]} {[%emt 00:02:05]} 28. Qh5
{[%clk 00:31:40]} {[%emt 00:03:55]} Nh4 {[%clk 00:35:58]} {[%emt 00:01:14]} 29.
Nxh4 {[%clk 00:29:50]} {[%emt 00:02:19]} gxh4 {[%clk 00:35:54]} {[%emt
00:00:34]} 30. Rf1 {[%clk 00:23:11]} {[%emt 00:07:09]} Rf6 {[%clk 00:33:14]}
{[%emt 00:03:10]} 31. Re1 {[%clk 00:18:28]} {[%emt 00:05:13]} Rg6 {[%clk
00:23:04]} {[%emt 00:10:40]} 32. Qf5 {[%clk 00:16:09]} {[%emt 00:02:49]} cxd4
{[%clk 00:23:10]} {[%emt 00:00:25]} 33. cxd4 {[%clk 00:15:39]} {[%emt
00:01:00]} Qe7 {[%clk 00:22:50]} {[%emt 00:00:49]} 34. e5 {[%clk 00:07:35]}
{[%emt 00:08:34]} Qe6 {[%clk 00:22:48]} {[%emt 00:00:33]} 35. Qc2 {[%clk
00:07:35]} {[%emt 00:00:30]} Kg8 {[%clk 00:22:35]} {[%emt 00:00:41]} 36. Rf1
{[%clk 00:07:14]} {[%emt 00:00:52]} c5 {[%clk 00:22:29]} {[%emt 00:00:36]} 37.
Rf4 {[%clk 00:06:07]} {[%emt 00:01:37]} cxd4 {[%clk 00:20:52]} {[%emt
00:02:08]} 38. Bxd4 {[%clk 00:05:16]} {[%emt 00:01:20]} Qc6 {[%clk 00:20:58]}
{[%emt 00:00:24]} 39. Qf2 {[%clk 00:04:56]} {[%emt 00:00:50]} Qxa4 {[%clk
00:20:13]} {[%emt 00:01:15]} 40. Qxh4 {[%clk 00:02:03]} {[%emt 00:03:23]} Qd1+
{[%clk 00:19:59]} {[%emt 00:00:44]} 41. Kh2 {[%clk 00:02:29]} {[%emt 00:00:05]}
Qe2 {[%clk 00:20:01]} {[%emt 00:00:28]} 42. Rf2 {[%clk 00:02:25]} {[%emt
00:00:34]} Qc4 {[%clk 00:18:44]} {[%emt 00:01:47]} 43. Rd2 {[%clk 00:00:48]}
{[%emt 00:02:07]} b5 {[%clk 00:18:43]} {[%emt 00:00:31]} 44. Qf4 {[%clk
00:01:08]} {[%emt 00:00:09]} Qe6 {[%clk 00:18:43]} {[%emt 00:00:29]} 45. Rc2
{[%clk 00:00:58]} {[%emt 00:00:41]} Kh7 {[%clk 00:18:43]} {[%emt 00:00:29]} 46.
Rc5 {[%clk 00:00:39]} {[%emt 00:00:51]} a4 {[%clk 00:18:39]} {[%emt 00:00:34]}
47. Qe4 {[%clk 00:00:34]} {[%emt 00:00:34]} b4 {[%clk 00:18:51]} {[%emt
00:00:18]} 48. Be3 {[%clk 00:00:33]} {[%emt 00:00:31]} Qb3 {[%clk 00:15:54]}
{[%emt 00:03:27]} 49. Bf4 {[%clk 00:00:36]} {[%emt 00:00:27]} Qxb2 {[%clk
00:15:29]} {[%emt 00:00:54]} 50. Qa8 {[%clk 00:00:33]} {[%emt 00:00:35]} Qd4
{[%clk 00:14:39]} {[%emt 00:01:19]} 0-1

[Event "XLIV Memoriał Szachowy Ludwika Zamenhofa 2025, Grupa A"]
[Site "Białystok, Poland"]
[Date "2025.12.28"]
[Round "3.15"]
[White "Korszanski, Stanislaw"]
[Black "Rajbharath, Harjith"]
[Result "1/2-1/2"]
[TimeControl "90'+30\""]
[WhiteElo "2187"]
[BlackElo "2002"]

1. e4 {[%clk 01:29:26]} {[%emt 00:01:33]} c6 {[%clk 01:30:44]} {[%emt
00:00:16]} 2. d4 {[%clk 01:29:45]} {[%emt 00:00:12]} d5 {[%clk 01:31:11]}
{[%emt 00:00:03]} 3. exd5 {[%clk 01:30:09]} {[%emt 00:00:05]} cxd5 {[%clk
01:31:36]} {[%emt 00:00:05]} 4. c4 {[%clk 01:30:35]} {[%emt 00:00:04]} Nf6
{[%clk 01:32:00]} {[%emt 00:00:06]} 5. Nc3 {[%clk 01:31:01]} {[%emt 00:00:04]}
e6 {[%clk 01:32:27]} {[%emt 00:00:04]} 6. Nf3 {[%clk 01:29:57]} {[%emt
00:01:34]} Bb4 {[%clk 01:32:34]} {[%emt 00:00:23]} 7. a3 {[%clk 01:27:58]}
{[%emt 00:02:30]} Bxc3+ {[%clk 01:31:23]} {[%emt 00:01:39]} 8. bxc3 {[%clk
01:28:12]} {[%emt 00:00:16]} O-O {[%clk 01:31:19]} {[%emt 00:00:35]} 9. Bd3
{[%clk 01:27:35]} {[%emt 00:01:07]} dxc4 {[%clk 01:29:18]} {[%emt 00:02:30]} 10.
Bxc4 {[%clk 01:27:58]} {[%emt 00:00:07]} Qc7 {[%clk 01:27:59]} {[%emt
00:01:49]} 11. Qd3 {[%clk 01:26:31]} {[%emt 00:01:57]} Nbd7 {[%clk 01:26:21]}
{[%emt 00:02:09]} 12. Bb3 {[%clk 01:24:00]} {[%emt 00:03:01]} b6 {[%clk
01:14:56]} {[%emt 00:11:55]} 13. O-O {[%clk 01:16:16]} {[%emt 00:08:14]} Bb7
{[%clk 01:12:35]} {[%emt 00:02:50]} 14. Re1 {[%clk 01:15:17]} {[%emt 00:01:29]}
Rfd8 {[%clk 01:07:55]} {[%emt 00:05:11]} 15. Ba2 {[%clk 00:58:33]} {[%emt
00:17:14]} Nc5 {[%clk 00:54:50]} {[%emt 00:13:35]} 16. Qe3 {[%clk 00:58:33]}
{[%emt 00:00:29]} Nce4 {[%clk 00:35:55]} {[%emt 00:19:25]} 17. Bb2 {[%clk
00:52:01]} {[%emt 00:07:03]} Nc5 {[%emt 00:28:14]} 18. Bc1 {[%emt 00:00:02]}
Ng4 {[%emt 00:00:01]} 19. Qg5 {[%emt 00:00:11]} Bxf3 {[%emt 00:00:01]} 20. Bf4
{[%emt 00:00:06]} Ne4 {[%emt 00:00:05]} 21. Rxe4 {[%emt 00:00:01]} 1/2-1/2

[Event "XLIV Memoriał Szachowy Ludwika Zamenhofa 2025, Grupa A"]
[Site "Białystok, Poland"]
[Date "2025.12.28"]
[Round "3.16"]
[White "Backiel, Hubert"]
[Black "Karut, Kacper"]
[Result "1/2-1/2"]
[TimeControl "90'+30\""]
[WhiteElo "2258"]
[BlackElo "2148"]

1. d4 {[%clk 01:29:57]} {[%emt 00:01:03]} Nf6 {[%clk 01:29:24]} {[%emt
00:01:37]} 2. c4 {[%clk 01:30:17]} {[%emt 00:00:09]} e6 {[%clk 01:29:51]}
{[%emt 00:00:04]} 3. Nc3 {[%clk 01:30:43]} {[%emt 00:00:04]} d5 {[%clk
01:30:17]} {[%emt 00:00:03]} 4. cxd5 {[%clk 01:31:09]} {[%emt 00:00:04]} exd5
{[%clk 01:30:43]} {[%emt 00:00:05]} 5. Bg5 {[%clk 01:31:35]} {[%emt 00:00:03]}
c6 {[%clk 01:31:08]} {[%emt 00:00:06]} 6. e3 {[%clk 01:32:02]} {[%emt
00:00:03]} Bd6 {[%clk 01:31:15]} {[%emt 00:00:23]} 7. Bd3 {[%clk 01:32:23]}
{[%emt 00:00:09]} O-O {[%clk 01:31:20]} {[%emt 00:00:25]} 8. h3 {[%clk
01:32:48]} {[%emt 00:00:04]} Nbd7 {[%clk 01:31:14]} {[%emt 00:00:37]} 9. Nge2
{[%clk 01:33:10]} {[%emt 00:00:07]} Re8 {[%clk 01:31:19]} {[%emt 00:00:25]} 10.
Qc2 {[%clk 01:33:24]} {[%emt 00:00:16]} h6 {[%clk 01:30:32]} {[%emt 00:01:18]}
11. Bh4 {[%clk 01:32:16]} {[%emt 00:01:38]} Nf8 {[%clk 01:29:15]} {[%emt
00:01:47]} 12. O-O {[%clk 01:29:06]} {[%emt 00:03:40]} Ne6 {[%clk 01:17:07]}
{[%emt 00:12:37]} 13. Rae1 {[%clk 01:25:38]} {[%emt 00:03:59]} Be7 {[%clk
01:05:32]} {[%emt 00:12:04]} 14. f3 {[%clk 01:19:47]} {[%emt 00:06:21]} a6
{[%clk 01:00:55]} {[%emt 00:05:08]} 15. Bf2 {[%clk 01:16:59]} {[%emt 00:03:16]}
c5 {[%clk 00:57:04]} {[%emt 00:04:22]} 16. dxc5 {[%clk 01:14:35]} {[%emt
00:02:55]} Bxc5 {[%clk 00:54:47]} {[%emt 00:02:47]} 17. Rd1 {[%clk 01:08:31]}
{[%emt 00:06:30]} Qe7 {[%clk 00:35:23]} {[%emt 00:19:56]} 18. Rfe1 {[%clk
00:57:06]} {[%emt 00:11:56]} Bd7 {[%clk 00:30:46]} {[%emt 00:05:08]} 19. Nd4
{[%clk 00:52:44]} {[%emt 00:04:51]} Bxd4 {[%clk 00:29:41]} {[%emt 00:01:36]} 20.
exd4 {[%clk 00:53:11]} {[%emt 00:00:03]} Qd6 {[%clk 00:28:25]} {[%emt
00:01:46]} 21. Re5 {[%clk 00:52:58]} {[%emt 00:00:44]} Bc6 {[%clk 00:28:09]}
{[%emt 00:00:45]} 22. Rde1 {[%clk 00:45:41]} {[%emt 00:07:47]} Qb4 {[%clk
00:22:18]} {[%emt 00:06:20]} 23. a3 {[%clk 00:44:05]} {[%emt 00:02:07]} Qb6
{[%clk 00:22:29]} {[%emt 00:00:19]} 24. Qd2 {[%clk 00:40:47]} {[%emt 00:03:48]}
Rac8 {[%clk 00:18:47]} {[%emt 00:04:10]} 25. Bf5 {[%clk 00:40:02]} {[%emt
00:01:16]} Qb3 {[%clk 00:10:17]} {[%emt 00:09:00]} 26. Bxe6 {[%clk 00:30:43]}
{[%emt 00:09:50]} Rxe6 {[%clk 00:10:16]} {[%emt 00:00:32]} 27. Rxe6 {[%clk
00:31:05]} {[%emt 00:00:07]} fxe6 {[%clk 00:10:40]} {[%emt 00:00:05]} 28. Rxe6
{[%clk 00:31:34]} {[%emt 00:00:02]} Re8 {[%clk 00:10:42]} {[%emt 00:00:28]} 29.
Rxe8+ {[%clk 00:31:48]} {[%emt 00:00:16]} Bxe8 {[%clk 00:10:47]} {[%emt
00:00:25]} 30. Bh4 {[%clk 00:25:01]} {[%emt 00:07:17]} Nd7 {[%clk 00:10:52]}
{[%emt 00:00:24]} 31. Qe2 {[%clk 00:22:00]} {[%emt 00:03:32]} Bf7 {[%clk
00:10:03]} {[%emt 00:01:20]} 32. Qe7 {[%clk 00:09:17]} {[%emt 00:13:13]} Nb6
{[%clk 00:09:17]} {[%emt 00:01:15]} 33. Qd8+ {[%clk 00:07:23]} {[%emt
00:02:23]} Kh7 {[%clk 00:09:42]} {[%emt 00:00:05]} 34. Qc7 {[%clk 00:07:49]}
{[%emt 00:00:05]} Qxb2 {[%clk 00:08:02]} {[%emt 00:02:10]} 35. Kh2 {[%clk
00:04:37]} {[%emt 00:03:42]} Nc4 {[%clk 00:05:03]} {[%emt 00:03:29]} 36. Nd1
{[%clk 00:03:27]} {[%emt 00:01:40]} Qxd4 {[%clk 00:04:27]} {[%emt 00:01:06]} 37.
Qxf7 {[%clk 00:02:52]} {[%emt 00:01:04]} Qxh4 {[%clk 00:04:47]} {[%emt
00:00:11]} 38. Qf5+ {[%clk 00:02:46]} {[%emt 00:00:36]} Kh8 {[%clk 00:05:08]}
{[%emt 00:00:09]} 39. Qc8+ {[%clk 00:03:12]} {[%emt 00:00:04]} Kh7 {[%clk
00:05:27]} {[%emt 00:00:11]} 40. Qf5+ {[%clk 00:03:40]} {[%emt 00:00:01]} Kh8
{[%clk 00:05:46]} {[%emt 00:00:11]} 41. Qc8+ {[%emt 00:00:11]} Kh7 {[%clk
00:06:11]} 42. Qf5+ {[%clk 00:04:30]} {[%emt 00:00:04]} 1/2-1/2